000 00465nam a2200193Ia 4500
005 20240823022331.0
008 240823s9999||||xx |||||||||||||| ||und||
020 _a978-81-203-3133-4
041 _aENGLISH
082 _A658.81 P7
100 _a"Costell,Josh"
245 4 _aThe Science of Sales Success
250 _a1st
260 _c2007
_b"PHI,.New "
_aNew Delhi
500 _aYES
650 _aSales
_bManagement Studies
942 _cBK
999 _c178916
_d178916